| 000 | 00541nam a22001817a 4500 | ||
|---|---|---|---|
| 003 | 0 | ||
| 005 | 20240923093752.0 | ||
| 008 | 240923b xxu||||| |||| 00| 0 eng d | ||
| 020 | _a978-93-5757165-5-6 | ||
| 050 |
_aPE 1075 _b.W75 2024 |
||
| 100 | _aWright, Naoki | ||
| 245 |
_aShort history of english language _cWright, Naoki |
||
| 260 |
_aNew Delhi India _bRandom publications _cC2024 |
||
| 300 |
_av, 260p: _c24cm. |
||
| 500 | _aEnglish language--history. | ||
| 650 | _aIncludes bibliographical references and index. | ||
| 942 |
_2lcc _cBK |
||
| 999 |
_c366319 _d366319 |
||